000 00701nam a2200229Ia 4500
001 6904
003 GE_BSU
008 181216s||||||||xx |||||||||||||| ||und||
040 _cGE_BSU
080 _a821.353.1-31
100 _aგორგილაძე,მიხეილ.
245 _aდაუნდობელი წუთისოფელი.
245 _bრომანი.
245 _cრედ:ჯემალ,ხოფერია.
260 _aბათუმი.
260 _bაჭარა.
260 _c1999.
300 _a336გვ;20სმ.
653 _aდაუნდობელი წუთისოფელი.
653 _aრომანი.
942 _cBK
999 _c40296
_d40296